Quizzes
Events
Quiz Creation
Community
Videos
Private Events
Remove Ads
Sign In
Join for FREE
Feedback
Dark Mode
Quiz Categories
Sports
Geography
Music
Movies
Television
Just For Fun
Miscellaneous
History
Literature
Language
Science
Gaming
Entertainment
Religion
Holiday
For Kids
Quiz Lab
Recent
Popular Today
Quiz Kudos Today
Editor Picks
Curator Picks
Quizzes by...
Day
Popularity
Type
Ratings
Length
Year
Community
Subscriptions
Recent Discussions
Orange Saloon
Badges
Playlists
Quests
Create
Leaderboards
Showdown
Live 5
Trivia Bingo
Activity
Puzzle Library
Sporcle Events
Private Events
Virtual Trivia
Globe League
Become a Host
Pub Owners
SporcleCon
Opinionation
Our Games
Videos
Blog
Mobile Apps
Partnerships
Remove Ads and Go Orange
Feedback
Sports
Athletes
MLB
NBA
NHL
NFL
Soccer
Sports Teams
WWE
NCAA
Football
Premier League
Basketball
Baseball
Hockey
Golf
Tennis
Cricket
Rugby
Auto Racing
Olympics
World Cup
Sports
Athletes
MLB
NBA
NHL
NFL
Soccer
Sports Teams
WWE
NCAA
Football
Premier League
Basketball
Baseball
Hockey
Golf
Tennis
Cricket
Rugby
Auto Racing
Olympics
World Cup
Random Quiz
Search Sporcle
×
Quiz Lab
Quiz Lab
Sports
NFL
Type in answers that appear in a list
Type in answers that appear in a list
Classic
Best Score? Go Orange.
Can you name the 2017 NFL pro-bowl Players? Stats
Can you name the Can you name the 2017 NFL pro-bowl Players??
By
mustbwarm
10m
70 Questions
206 Plays
206 Plays
206 Plays
Comments
Comments
Give Quiz Kudos
Give Quiz Kudos
-
- Ratings
hide this ad
Replay
Link that replays current quiz
Next Quiz
Link to next quiz in quiz playlist
You Got
0%
They Got
Avg Score
64%
Avg Friend Score
Upgrade to see
Score Distribution
Jump to the score distribution portion of the page
Score
0/70
Timer
10:00
0
Plays Today
Hint
Answer
% Correct
WR BRONCOS
Demaryus Thomas
93.6%
OT BROWNS
Joe Thomas
93.6%
QB CHIEFS
Alex Smith
93.6%
OT COWBOYS
Tyron Smith
93.6%
FS VIKINGS
Harrison Smith
93.1%
WR COLTS
T.Y. Hilton
90.7%
WR BRONCOS
Emmanuel Sanders
88.2%
TE CHIEFS
Travis Kelce
88.2%
QB BENGALS
Andy Dalton
87.7%
WR DOLPHINS
Jarvis Landry
87.3%
QB SAINTS
Drew Brees
84.8%
QB COWBOYS
Dak Prescott
84.8%
QB STEELERS
Ben Roethlisberger
83.3%
WR COWBOYS
Dez Bryant
82.4%
RB TITANS
DeMarco Murray
81.9%
QB REDSKINS
Kirk Cousins
81.9%
RB COWBOYS
Ezekiel Elliott
80.4%
RB CHARGERS
Melvin Gordon
79.9%
TE SEAHAWKS
Jimmy Graham
79.9%
TE TITANS
Delanie Walker
79.4%
OLB BRONCOS
Von Miller
79.4%
RB FALCONS
Devonta Freeman
79.4%
CB BRONCOS
Aqib Talib
78.9%
WR BUCS
Mike Evans
78.9%
RB DOLPHINS
Jay Ajayi
78.4%
DE RAIDERS
Khalil Mack
77.9%
TE PANTHERS
Greg Olsen
77.5%
CB SEAHAWKS
Richard Sherman
77.5%
WR CARDINALS
Larry Fitzgerald
76.5%
DT DOLPHINS
Ndamukong Suh
75%
KR/
PR CHIEFS
Treek Hill
74%
RB BEARS
Jordan Howard
72.5%
DE TEXANS
Jadeveon Clowney
71.6%
DE DOLPHINS
Cameron Wake
70.1%
CB CARDINALS
Patrick Peterson
69.6%
Hint
Answer
% Correct
DT BENGALS
Geno Atkins
68.1%
MLB SEAHAWKS
Bobby Wagner
66.2%
DE SEAHAWKS
Michael Bennett
65.2%
MLB STEELERS
Ryan Shazier
61.8%
MLB COWBOYS
Sean Lee
61.8%
FS RAVENS
Eric Weddle
61.3%
SS GIANTS
Landon Collins
60.3%
CB VIKINGS
Xavier Rhodes
59.8%
OG BILLS
Richie Incognito
58.3%
OG COWBOYS
Zack Martin
55.9%
OT REDSKINS
Trent Williams
55.4%
DT BUCS
Gerald McCoy
55.4%
C COWBOYS
Travis Frederick
53.4%
DE SEAHAWKS
Cliff Avril
52%
OT BENGALS
Andrew Whitworth
51.5%
DE VIKINGS
Everson Griffen
50%
CB GIANTS
Janoris Jenkins
50%
CB CHARGERS
Casey Hayward
49%
FB PANTHERS
Mike Tolbert
48.5%
KR/
PR VIKINGS
Cordarrelle Patterson
48%
OLB VIKINGS
Anthony Barr
47.1%
C RAIDERS
Rodney Hudson
45.1%
WR GIANTS
Odell Beckham Jr.
45.1%
OG RAIDERS
Kelechi Osemele
44.6%
CB BILLS
Stephon Gilmore
44.1%
OLB BILLS
Lorenzo Alexander
42.2%
MLB BILLS
Zach Brown
39.7%
DT VIKINGS
Linval Joseph
37.3%
OLB TITANS
Brian Orakpo
34.3%
OLB SEAHAWKS
K.J. Wright
33.8%
CB BRONCOS
Chris Harris Jr.
33.3%
SS BRONCOS
Darian Stewart
25%
OG PANTHERS
Trai Turner
22.1%
OLB PANTHERS
Thomas Davis Sr.
16.2%
FB RAVENS
Kyle Juszcyzyk
2.5%
Quiz Playlist
Details
Report
Send in Message
Add To Playlist
Classic:
Type in answers that appear in a list
Last Updated: May 6, 2017
Quiz Scoreboard
CHALLENGE
Sign Up to Join the Scoreboard
Show All
Scores
Hide
Comments
May contain spoilers
Recently Published
Billboard Blitz: Fleetwood Mac
by CooCooCachoo
Music
15s
Presidents Visiting Landmarks
by Hejman
History
7m
An Introduction to Baseball
by treessimontrees
Sports
5m
More to Explore
Quiz From the Vault
Featured Blog Post
Where Did the Easter Bunny Come From?
hide this ad
You Might Also Like...
Tags
NFL Quiz
2017
Player
Pro-bowl
Today's Top Quizzes in Sports
Browse Sports
hide this ad
Today's Top Quizzes in NFL
Browse NFL
Top Contributed Quizzes in Sports
1
Les meilleurs buteurs des matchs entre le PSG et l’OM
2
2022 World Cup Stars
3
FIFA Club World Cup Champions
4
Les entraîneurs de l'OM et du PSG au 21e siècle
5
Name the Premier League winners with different clubs
6
5-to-1: UK Sports Teams
7
La finale Lions - Afrique du Sud 2021
8
Criteria MLB: Left Handed Sluggers
9
AFC Teams Reveal (Wrong Answers Minefield)
10
England Test cricketers to play under Nasser Hussain
Explore More
Trending Topics
Crossword
Harry Potter
NBA
Marvel
Disney
Kpop
Anime
Country
The Office
Pokémon
WWE
Song
NFL
Soccer
Puzzle
hide this ad
More By:
mustbwarm
Quiz
Plays
Rating
Category
Featured
Created
Can you name the 2017 NFL pro-bowl Players?
206
3.00
Sports
May 6, 2017
American Football Questions
100
5.00
Sports
May 6, 2017
Go to Creator's Profile
Score Distribution
Quiz Creator Spotlight
mustbwarm
Follow
Send a Message
Quizzes Created
-
Created Quiz Play Count
-
More By This Creator
Popular Quizzes Today
1
Find the US States - No Outlines Minefield
2
Find the Countries of Europe - No Outlines Minefield
3
The Countries of the World
4
Find the US States
5
Popular People in 1961
6
US States
7
Risky Map Clicking: Biggest States A-Z
8
Movies - When Are They Set?
More Sports Quizzes
Venus Final Losers
Quiz Lab
Trending Quizzes
Risky Map Clicking: Least Populous States A-Z
1-10 Letter G Words
1-10 Letter F Words
Risky Map Clicking: Next State Alphabetically
Risky Map Clicking: Biggest States A-Z
Recently Updated
Leaping Animals
pecheneg
Reality TV Shows (A-Z)
bhenderson79
Rickey Henderson's Hall of Fame Teammates
pecheneg
Champions League XIs: Arsenal
pecheneg
Quick Pick: Celebrities in WWE's Hall of Fame
aduchscher
A-Z Keypad Blitz II
pecheneg
Multiple Oscar Actors
pecheneg
Mystery Phrase Blitz: Oscar 'Best Actors'
pecheneg
F. Scott Fitzgerald Novels
LTH
Pick 3 Villains
ddd62291
Trending Topics
Disney
Kpop
Anime
NBA
Crossword
Marvel
Harry Potter
Pokémon
WWE
Country
Puzzle
NFL
The Office
Song
Soccer
Your Account Isn't Verified!
In order to create a playlist on Sporcle, you need to verify the email address you used during registration. Go to your
Sporcle Settings
to finish the process.
Report this User
Report this user for behavior that violates our
Community Guidelines
.
Details:
Send Report
Go to the Sporcle.com Mobile Site →
Comments